[Event "Titled Tuesday intern op 18th Mar Late"]
[Site "Chess.com INT"]
[Date "2025.03.18"]
[Round "2"]
[White "Ranaldi, Lucas"]
[Black "Vaglio Mattey, Emanuel"]
[Result "1/2-1/2"]
[WhiteElo "2364"]
[BlackElo "2142"]
[PlyCount "181"]
[EventDate "2025.03.18"]
[EventType "swiss (blitz)"]
[EventRounds "11"]
[EventCountry "USA"]
[SourceTitle "CB13_2025"]
[SourceDate "2025.03.26"]
[SourceVersion "1"]
[SourceVersionDate "2025.03.26"]
[SourceQuality "1"]

1. c4 c6 2. Nf3 d5 3. e3 Nf6 4. Nc3 e6 5. b3 Bd6 6. Bb2 0-0 7. d4 Qe7 8. Be2 Nbd7 9. 0-0 dxc4 10. bxc4 e5 11. Qc2 Re8 12. a4 e4 13. Nd2 Nf8 14. c5 Bb8 15. Nc4 Ng6 16. Ba3 Nh4 17. Nd6 Bxd6 18. cxd6 Qe6 19. Rae1 Qf5 20. f4 exf3 21. Qxf5 Nxf5 22. Rxf3 Rxe3 23. Rxe3 Nxe3 24. Bd3 Ned5 25. Nxd5 cxd5 26. Re7 Bd7 27. Bb5 Rd8 28. Bc1 h6 29. Bf4 Kf8 30. h3 a6 31. Be2 Bc6 32. Bf3 Ne8 33. Re5 Nf6 34. Re3 Ne8 35. Re5 Nxd6 36. Bxd5 Ne8 37. Bxc6 bxc6 38. Be3 Nf6 39. Rc5 Rd6 40. Ra5 Nd5 41. Bd2 Re6 42. Rxa6 Re2 43. Ba5 Ke7 44. Ra7+ Kd6 45. Rxf7 g5 46. Bd8 Ra2 47. Rh7 Ne3 48. Rxh6+ Kd5 49. Rg6 Rxg2+ 50. Kh1 Re2 51. Rxg5+ Kxd4 52. Bb6+ Kd3 53. Bxe3 Rxe3 54. Rg1 Rxh3+ 55. Kg2 Rh4 56. Ra1 Kc4 57. a5 Rh7 58. Kf3 Ra7 59. a6 Kb5 60. Ke4 Rxa6 61. Rb1+ Kc5 62. Rc1+ Kb5 63. Rb1+ Kc5 64. Rc1+ Kd6 65. Rd1+ Kc7 66. Rc1 Ra4+ 67. Kd3 Kb6 68. Rb1+ Kc5 69. Rc1+ Kb5 70. Rb1+ Rb4 71. Rh1 Rb3+ 72. Kc2 Re3 73. Rh4 c5 74. Rh8 Kb4 75. Rh7 Re2+ 76. Kc1 c4 77. Rh3 Rf2 78. Rg3 Rh2 79. Rf3 Re2 80. Rg3 Re4 81. Rh3 Rf4 82. Kc2 Rf2+ 83. Kc1 Re2 84. Rg3 Ra2 85. Kb1 Rh2 86. Kc1 c3 87. Rg8 Rh1+ 88. Kc2 Rh2+ 89. Kc1 Rh1+ 90. Kc2 Rh2+ 91. Kc1 1/2-1/2

[Event "Titled Tuesday intern op 11th Mar Late"]
[Site "Chess.com INT"]
[Date "2025.03.11"]
[Round "9"]
[White "Pajcin, Lav"]
[Black "Ranaldi, Lucas"]
[Result "0-1"]
[WhiteElo "2243"]
[BlackElo "2364"]
[PlyCount "100"]
[EventDate "2025.03.11"]
[EventType "swiss (blitz)"]
[EventRounds "11"]
[EventCountry "USA"]
[SourceTitle "CB12_2025"]
[SourceDate "2025.03.19"]
[SourceVersion "1"]
[SourceVersionDate "2025.03.19"]
[SourceQuality "1"]

1. d4 Nf6 2. c4 e6 3. Nf3 b6 4. g3 Bb7 5. Bg2 Be7 6. 0-0 0-0 7. Nc3 Ne4 8. Bd2 f5 9. d5 Bf6 10. Rc1 Na6 11. Be1 Nac5 12. Nd4 Nxc3 13. Bxc3 a5 14. Qc2 g6 15. Nb5 Bxc3 16. Qxc3 d6 17. dxe6 Bxg2 18. Kxg2 Qe7 19. Nd4 Nxe6 20. Nxe6 Qxe6 21. e3 Qe4+ 22. Kg1 Rae8 23. Rcd1 Qc6 24. Rd4 Re4 25. Rfd1 Rfe8 26. b3 Rxd4 27. Qxd4 Qe4 28. Qxe4 Rxe4 29. Kf1 a4 30. Ke2 Kf7 31. f3 Re8 32. Kd3 Ra8 33. b4 Ke6 34. a3 Ke5 35. f4+ Ke6 36. e4 fxe4+ 37. Kxe4 Re8 38. Kd3 Kf5 39. Rc1 Kg4 40. Rc2 Kf3 41. b5 Re3+ 42. Kd4 Rxa3 43. Kd5 Ke3 44. Kc6 Kd4 45. Kxc7 Kc5 46. Rd2 Rb3 47. Rd5+ Kxc4 48. Rxd6 Rxb5 49. Rd7 a3 50. Kc6 a2 0-1

[Event "Titled Tuesday intern op 04th Mar Early"]
[Site "Chess.com INT"]
[Date "2025.03.04"]
[Round "1"]
[White "Ranaldi, Lucas"]
[Black "Krzywda, Andrzej"]
[Result "1-0"]
[WhiteElo "2364"]
[BlackElo "2152"]
[PlyCount "117"]
[EventDate "2025.03.04"]
[EventType "swiss (blitz)"]
[EventRounds "11"]
[EventCountry "USA"]
[SourceTitle "CB11_2025"]
[SourceDate "2025.03.12"]
[SourceVersion "1"]
[SourceVersionDate "2025.03.12"]
[SourceQuality "1"]

1. Nf3 d5 2. d4 Nf6 3. c4 e6 4. Nc3 Na6 5. Bg5 Be7 6. e3 dxc4 7. Bxc4 Nb4 8. a3 Nbd5 9. 0-0 0-0 10. Rc1 Nxc3 11. bxc3 Bxa3 12. Rb1 Be7 13. Bd3 b6 14. Bxf6 Bxf6 15. Be4 Rb8 16. Qa4 a5 17. Rfd1 Bd7 18. Qc2 Qe8 19. Bxh7+ Kh8 20. Bd3 Ba4 21. Qe2 Bxd1 22. Qxd1 g6 23. h4 Kg7 24. g3 Qc6 25. e4 Rh8 26. Qd2 a4 27. Kg2 b5 28. e5 Be7 29. Qc2 b4 30. c4 b3 31. Qd1 Rhd8 32. Kg1 a3 33. h5 Rh8 34. hxg6 fxg6 35. d5 exd5 36. Nd4 Qd7 37. e6 Qd6 38. Qg4 Rh6 39. Nf5+ Kf8 40. Nxd6 Bxd6 41. Qf3+ Kg8 42. Qf7+ Kh8 43. e7 Bxe7 44. Qxe7 a2 45. Qxc7 axb1Q+ 46. Bxb1 Re8 47. Kg2 Rh7 48. Qc6 Rg7 49. Qxe8+ Kh7 50. cxd5 b2 51. Qe4 Rb7 52. Qxg6+ Kh8 53. Qh6+ Kg8 54. Qc6 Kf7 55. Qxb7+ Kf6 56. Qxb2+ Kg5 57. Qe5+ Kg4 58. Qf4+ Kh5 59. Qh4# 1-0

[Event "Titled Tuesday intern op 04th Mar Early"]
[Site "Chess.com INT"]
[Date "2025.03.04"]
[Round "4"]
[White "Ranaldi, Lucas"]
[Black "Silva, Kaua Marques"]
[Result "1-0"]
[WhiteElo "2364"]
[BlackElo "2233"]
[PlyCount "143"]
[EventDate "2025.03.04"]
[EventType "swiss (blitz)"]
[EventRounds "11"]
[EventCountry "USA"]
[SourceTitle "CB11_2025"]
[SourceDate "2025.03.12"]
[SourceVersion "1"]
[SourceVersionDate "2025.03.12"]
[SourceQuality "1"]

1. Nf3 d5 2. d4 Nf6 3. c4 e6 4. Nc3 Be7 5. Bg5 h6 6. Bh4 0-0 7. e3 b6 8. cxd5 Nxd5 9. Bxe7 Qxe7 10. Nxd5 exd5 11. Be2 Be6 12. Qa4 c5 13. Qa3 Rc8 14. Rc1 a5 15. 0-0 Qa7 16. dxc5 bxc5 17. Ne5 Nd7 18. Nxd7 Bxd7 19. Bf3 Be6 20. Rfd1 Qb7 21. b3 Qb4 22. Qb2 c4 23. h3 a4 24. Bxd5 Bxd5 25. Rxd5 axb3 26. axb3 cxb3 27. Rb1 Ra2 28. Qxb3 Rc1+ 29. Kh2 Qxb3 30. Rxb3 Rxf2 31. e4 Re1 32. Rd4 g6 33. Rb8+ Kg7 34. Rb3 h5 35. h4 Rf4 36. Kg3 Rg4+ 37. Kf3 Rxh4 38. Re3 Rxe3+ 39. Kxe3 Rg4 40. Kf3 Kh6 41. Rd8 Kg7 42. Rd7 Rg5 43. Kf4 Ra5 44. Kf3 Ra6 45. Rd4 Kf6 46. Rd5 Ke6 47. Rc5 Ra3+ 48. Kf2 Kf6 49. Rb5 Ra4 50. Kf3 Ra3+ 51. Kf2 Rc3 52. Ra5 Kg7 53. Rb5 Kh6 54. Ra5 g5 55. Ra6+ Kg7 56. Ra5 Kg6 57. Ra6+ Kg7 58. Ra5 Kg6 59. Ra6+ Kh7 60. Ra5 g4 61. Rxh5+ Kg6 62. Ra5 Rd3 63. Rb5 f6 64. Ra5 Rc3 65. Rb5 Ra3 66. Rc5 Rc3 67. Rxc3 Kg5 68. Kg3 Kh5 69. Rc5+ Kg6 70. Kxg4 f5+ 71. exf5+ Kf7 72. Kg5 1-0

[Event "Titled Tuesday intern op 04th Mar Early"]
[Site "Chess.com INT"]
[Date "2025.03.04"]
[Round "3"]
[White "Svane, Frederik"]
[Black "Ranaldi, Lucas"]
[Result "1-0"]
[WhiteElo "2654"]
[BlackElo "2364"]
[PlyCount "75"]
[EventDate "2025.03.04"]
[EventType "swiss (blitz)"]
[EventRounds "11"]
[EventCountry "USA"]
[SourceTitle "CB11_2025"]
[SourceDate "2025.03.12"]
[SourceVersion "1"]
[SourceVersionDate "2025.03.12"]
[SourceQuality "1"]

1. e4 c6 2. d4 d5 3. exd5 cxd5 4. Nf3 Nc6 5. c3 Nf6 6. Ne5 e6 7. Nd2 Bd6 8. f4 0-0 9. Bd3 Qb6 10. Qe2 Nd7 11. Ndf3 Nf6 12. 0-0 Qc7 13. Bd2 Ne7 14. Kh1 b6 15. Rae1 Bb7 16. Ng5 Bc8 17. Rf3 h6 18. Rh3 Nf5 19. g4 Ne7 20. Ngxf7 Rxf7 21. Nxf7 Kxf7 22. g5 Ne4 23. gxh6 Bd7 24. hxg7 Nf6 25. Rg1 Rg8 26. Qg2 Nf5 27. Qg6+ Ke7 28. Bxf5 exf5 29. Be1 Bxf4 30. Bh4 Qd6 31. Re1+ Be6 32. Bxf6+ Kd7 33. Rh8 Qb8 34. Rxe6 Kxe6 35. Be5+ Kd7 36. Qf7+ Kc6 37. Rxg8 Bxe5 38. Rxb8 1-0

[Event "Titled Tuesday intern op 25th Feb Early"]
[Site "Chess.com INT"]
[Date "2025.02.25"]
[Round "2"]
[White "Ranaldi, Lucas"]
[Black "Bortnyk, Olexandr"]
[Result "1-0"]
[WhiteElo "2361"]
[BlackElo "2601"]
[PlyCount "101"]
[EventDate "2025.02.25"]
[EventType "swiss (blitz)"]
[EventRounds "11"]
[EventCountry "USA"]
[SourceTitle "CB10_2025"]
[SourceDate "2025.03.05"]
[SourceVersion "1"]
[SourceVersionDate "2025.03.05"]
[SourceQuality "1"]

1. c4 Nf6 2. Nf3 b6 3. g3 Bb7 4. Bg2 g6 5. 0-0 Bg7 6. Nc3 0-0 7. d4 Ne4 8. Nxe4 Bxe4 9. Be3 d5 10. Qb3 Nc6 11. cxd5 Na5 12. Qb5 a6 13. Qa4 Qxd5 14. Rac1 Rfc8 15. Ne1 Bxg2 16. Nxg2 Qb5 17. Qc2 c5 18. a4 Qb3 19. dxc5 bxc5 20. Bd2 Qxc2 21. Rxc2 Nb3 22. Bc3 Nd4 23. Bxd4 cxd4 24. Rfc1 Rxc2 25. Rxc2 Rb8 26. Nf4 e5 27. Nd5 e4 28. b4 f5 29. Ne7+ Kf7 30. Rc7 d3 31. exd3 exd3 32. Nc6+ Ke6 33. Nxb8 Be5 34. Rd7 Bd6 35. Kf1 Bxb8 36. Rxd3 h5 37. b5 axb5 38. axb5 g5 39. Ke2 Ba7 40. Ra3 Bc5 41. Ra6+ Kd5 42. Rh6 h4 43. gxh4 gxh4 44. Rxh4 Ke5 45. Kf3 Be7 46. Rh6 Bg5 47. Rc6 Kd5 48. Rc2 Bf6 49. b6 Be5 50. b7 Bxh2 51. Rc8 1-0

[Event "Titled Tuesday intern op 23rd Jul Early"]
[Site "Chess.com INT"]
[Date "2024.07.23"]
[Round "1"]
[White "Fabris, Alberto"]
[Black "Ranaldi, Lucas"]
[Result "0-1"]
[WhiteElo "2230"]
[BlackElo "2361"]
[PlyCount "100"]
[EventDate "2024.07.23"]
[EventType "swiss (blitz)"]
[EventRounds "11"]
[EventCountry "USA"]
[SourceTitle "EXT 2025"]
[Source "ChessBase"]
[SourceDate "2024.10.14"]
[SourceVersion "1"]
[SourceVersionDate "2024.10.14"]
[SourceQuality "1"]

1. e4 c6 2. d4 d5 3. e5 Bf5 4. c4 e6 5. Nc3 Ne7 6. Nf3 dxc4 7. Bxc4 Nd7 8. 0-0 Nb6 9. Bb3 Ned5 10. Bg5 Be7 11. Bxe7 Qxe7 12. Qd2 0-0 13. Nxd5 Nxd5 14. Bxd5 cxd5 15. Rac1 Rfc8 16. Rc3 h6 17. h3 Be4 18. Rfc1 Qd7 19. Nh2 Bf5 20. Nf1 Bg6 21. Ne3 Qd8 22. Ng4 Bf5 23. Ne3 Be4 24. f3 Bg6 25. Ng4 Rxc3 26. Qxc3 h5 27. Nh2 Qg5 28. Nf1 h4 29. Qe3 Qf5 30. Nh2 a5 31. Ng4 Ra6 32. Nf2 Rc6 33. Rxc6 bxc6 34. Kh2 Qc2 35. Nh1 Qxb2 36. Qf4 Qxa2 37. Qxh4 Qd2 38. Qd8+ Kh7 39. Qh4+ Qh6 40. Qd8 Qf4+ 41. Ng3 a4 42. Qa8 Qxd4 43. Qxc6 a3 44. Qa8 Qb2 45. Qa4 d4 46. Qd7 a2 47. Qe7 Qb8 48. Qa3 Bb1 49. h4 Qxe5 50. Kh3 d3 0-1

[Event "Titled Tuesday intern op 23rd Jul Early"]
[Site "Chess.com INT"]
[Date "2024.07.23"]
[Round "3"]
[White "Ranaldi, Lucas"]
[Black "Vitiugov, Nikita"]
[Result "1-0"]
[WhiteElo "2361"]
[BlackElo "2678"]
[PlyCount "87"]
[EventDate "2024.07.23"]
[EventType "swiss (blitz)"]
[EventRounds "11"]
[EventCountry "USA"]
[SourceTitle "EXT 2025"]
[Source "ChessBase"]
[SourceDate "2024.10.14"]
[SourceVersion "1"]
[SourceVersionDate "2024.10.14"]
[SourceQuality "1"]

1. Nf3 Nf6 2. c4 g6 3. g3 b6 4. Bg2 Bb7 5. 0-0 Bg7 6. Nc3 0-0 7. Re1 d5 8. Ne5 e6 9. d4 Na6 10. Bg5 h6 11. Be3 c6 12. Rc1 Rc8 13. Qa4 Ne8 14. Nf3 Nd6 15. b3 Qe8 16. Bf4 Nf5 17. Red1 g5 18. g4 Nxd4 19. Bd6 b5 20. Qa3 b4 21. Bxb4 Nxf3+ 22. Bxf3 Nxb4 23. Qxb4 Ba8 24. Na4 Qd8 25. Qc5 Qd7 26. Qa5 Qe7 27. e3 Rfd8 28. Rc2 Be5 29. Kg2 Kg7 30. h3 Bb8 31. Qc3+ Kg8 32. cxd5 exd5 33. Nc5 Qd6 34. Kf1 Qh2 35. Bg2 Qe5 36. Qxe5 Bxe5 37. Nd3 Bd6 38. Nc5 Be7 39. Rdc1 Kg7 40. Ke2 Rb8 41. Na6 Rb6 42. Nc5 Rb5 43. Kd1 Rb6 44. Bf1 1-0

[Event "Titled Tuesday intern op 18th Jun Late"]
[Site "Chess.com INT"]
[Date "2024.06.18"]
[Round "1"]
[White "Ranaldi, Lucas"]
[Black "Dilmukhametov, Artur"]
[Result "1-0"]
[WhiteElo "2361"]
[BlackElo "2276"]
[PlyCount "59"]
[EventDate "2024.06.18"]
[EventType "swiss (blitz)"]
[EventRounds "11"]
[EventCountry "USA"]
[SourceTitle "EXT 2025"]
[Source "ChessBase"]
[SourceDate "2024.10.14"]
[SourceVersion "1"]
[SourceVersionDate "2024.10.14"]
[SourceQuality "1"]

1. d4 Nf6 2. Bg5 Ne4 3. Bf4 Nf6 4. Nc3 g6 5. e4 d6 6. Qd2 Bg7 7. Bh6 0-0 8. f3 c5 9. d5 Na6 10. h4 Nc7 11. h5 e6 12. hxg6 fxg6 13. Bxg7 Kxg7 14. Qh6+ Kg8 15. dxe6 Bxe6 16. 0-0-0 b5 17. e5 Rf7 18. exf6 Qxf6 19. Ne4 Qe5 20. Qh2 Qg7 21. Ng5 Bf5 22. Nxf7 Qxf7 23. Rxd6 Qxa2 24. Qxh7+ Kf8 25. Rf6+ Ke8 26. Qh8+ Ke7 27. Qg7+ Kd8 28. Rh8+ Ne8 29. Rd6+ Kc8 30. Rxe8# 1-0

[Event "Titled Tuesday intern op 11th Jun Late"]
[Site "Chess.com INT"]
[Date "2024.06.11"]
[Round "7"]
[White "Ranaldi, Lucas"]
[Black "Ljepic, Andrej"]
[Result "1-0"]
[WhiteElo "2361"]
[BlackElo "2267"]
[PlyCount "109"]
[EventDate "2024.06.11"]
[EventType "swiss (blitz)"]
[EventRounds "11"]
[EventCountry "USA"]
[SourceTitle "EXT 2025"]
[Source "ChessBase"]
[SourceDate "2024.10.14"]
[SourceVersion "1"]
[SourceVersionDate "2024.10.14"]
[SourceQuality "1"]

1. d4 e6 2. c4 Nf6 3. Nc3 Bb4 4. e3 0-0 5. Nge2 d6 6. a3 Bxc3+ 7. Nxc3 b6 8. Be2 Bb7 9. 0-0 Nbd7 10. b3 Ne4 11. Nxe4 Bxe4 12. f3 Bg6 13. e4 e5 14. Bb2 f6 15. b4 a5 16. Qb3 exd4 17. Bxd4 Bf7 18. Qc2 Qe7 19. Rfc1 Rfe8 20. Bf1 c5 21. Bf2 axb4 22. axb4 Ne5 23. Ra4 Qd7 24. Rca1 Rxa4 25. Rxa4 Nxc4 26. Bxc4 Bxc4 27. Qxc4+ Qf7 28. Qxf7+ Kxf7 29. Ra7+ Re7 30. Rxe7+ Kxe7 31. b5 Ke6 32. Bg3 d5 33. exd5+ Kxd5 34. Bc7 Kc4 35. Bxb6 Kxb5 36. Bc7 c4 37. Kf2 Kb4 38. Ke2 Kb3 39. Bf4 Kc2 40. Ke3 c3 41. Ke4 Kd1 42. g4 g5 43. Be3 Ke2 44. Bc1 c2 45. Ba3 Kd1 46. Kf5 Ke2 47. Kxf6 Kxf3 48. Kxg5 Kg2 49. h4 Kh3 50. Kh5 Kg3 51. g5 Kf4 52. Kh6 Kg4 53. h5 Kh4 54. g6 hxg6 55. hxg6 1-0

[Event "Titled Tuesday intern op 04th Jun Early"]
[Site "Chess.com INT"]
[Date "2024.06.04"]
[Round "3"]
[White "Ranaldi, Lucas"]
[Black "Matinian, Nikita"]
[Result "1-0"]
[WhiteElo "2361"]
[BlackElo "2394"]
[PlyCount "145"]
[EventDate "2024.06.04"]
[EventType "swiss (blitz)"]
[EventRounds "11"]
[EventCountry "USA"]
[SourceTitle "EXT 2025"]
[Source "ChessBase"]
[SourceDate "2024.10.14"]
[SourceVersion "1"]
[SourceVersionDate "2024.10.14"]
[SourceQuality "1"]

1. c4 e5 2. g3 Nc6 3. Bg2 g6 4. Nc3 Bg7 5. Rb1 a5 6. a3 Nge7 7. e3 h5 8. h3 d6 9. Nge2 Be6 10. Nd5 f5 11. h4 e4 12. Nef4 Bf7 13. d4 exd3 14. Qxd3 Ne5 15. Qc2 c6 16. Nxe7 Qxe7 17. Bf1 a4 18. Be2 0-0 19. Bd2 Bf6 20. Bb4 Nd7 21. Rd1 Nc5 22. Bc3 Be5 23. 0-0 Qf6 24. Bd4 Rfd8 25. Bf3 Nb3 26. Bxe5 dxe5 27. Nh3 Rxd1 28. Rxd1 Rd8 29. Ng5 Rd6 30. c5 Rxd1+ 31. Bxd1 Qd8 32. Nxf7 Kxf7 33. Qc4+ Qd5 34. Bxb3 axb3 35. Qb4 Kf6 36. Qxb7 f4 37. gxf4 exf4 38. exf4 Kf5 39. Qc7 Kg4 40. Qe5 Qd1+ 41. Kh2 Qc2 42. Qg5+ Kf3 43. Qg3+ Ke2 44. Qe3+ Kd1 45. Qd4+ Kc1 46. a4 Qxb2 47. Qxb2+ Kxb2 48. a5 Kc3 49. a6 b2 50. a7 b1Q 51. a8Q Qe4 52. Qh8+ Kc4 53. Qf8 Qf5 54. Qd6 Qe4 55. Kg3 Qd5 56. Qxg6 Kxc5 57. f5 Qe5+ 58. Kf3 Qd5+ 59. Kf4 Qd2+ 60. Ke5 Qxf2 61. f6 Qxh4 62. Qf5 Qd4+ 63. Ke6+ Kb6 64. f7 Qc4+ 65. Ke7 Qb4+ 66. Ke8 Qe1+ 67. Kd8 Qd2+ 68. Kc8 Qa2 69. f8Q Qa8+ 70. Kd7 Qb7+ 71. Kd6 Qc7+ 72. Ke6 Qg3 73. Qf2+ 1-0

[Event "Titled Tuesday intern op 04th Jun Early"]
[Site "Chess.com INT"]
[Date "2024.06.04"]
[Round "4"]
[White "Ranaldi, Lucas"]
[Black "Molina, Roberto Junio Brito"]
[Result "1-0"]
[WhiteElo "2361"]
[BlackElo "2373"]
[PlyCount "71"]
[EventDate "2024.06.04"]
[EventType "swiss (blitz)"]
[EventRounds "11"]
[EventCountry "USA"]
[SourceTitle "EXT 2025"]
[Source "ChessBase"]
[SourceDate "2024.10.14"]
[SourceVersion "1"]
[SourceVersionDate "2024.10.14"]
[SourceQuality "1"]

1. c4 c6 2. Nf3 d5 3. e3 Nf6 4. Nc3 a6 5. d4 Bf5 6. Bd3 Bxd3 7. Qxd3 e6 8. 0-0 Nbd7 9. b3 Bb4 10. Ne2 0-0 11. Bb2 Ne4 12. a3 Bd6 13. Nd2 f5 14. f3 Qh4 15. Nf4 Ng5 16. g3 Qh6 17. Rae1 Rae8 18. Kg2 Nf7 19. Qc2 g5 20. Nd3 g4 21. f4 Nf6 22. Ne5 Qg7 23. Rh1 Re7 24. h3 gxh3+ 25. Rxh3 Nh6 26. Reh1 Nhg4 27. Qd3 Bxe5 28. dxe5 Ne4 29. cxd5 Ngf2 30. Nxe4 fxe4 31. Qe2 Nxh3 32. d6 Ref7 33. Rxh3 Rf5 34. g4 h5 35. Rg3 Kf7 36. gxf5 1-0

[Event "Titled Tuesday intern op 14th May Late"]
[Site "Chess.com INT"]
[Date "2024.05.14"]
[Round "7"]
[White "Kuzmicz, Krystian"]
[Black "Ranaldi, Lucas"]
[Result "1/2-1/2"]
[WhiteElo "2471"]
[BlackElo "2361"]
[PlyCount "150"]
[EventDate "2024.05.14"]
[EventType "swiss (blitz)"]
[EventRounds "11"]
[EventCountry "USA"]
[SourceTitle "CBM 220 Extra"]
[Source "ChessBase"]
[SourceDate "2024.07.31"]
[SourceVersion "1"]
[SourceVersionDate "2024.07.31"]
[SourceQuality "1"]

1. e4 c6 2. d4 d5 3. f3 g6 4. Nc3 Bg7 5. Be3 Qb6 6. Qd2 Qxb2 7. Rb1 Qa3 8. Bd3 Nf6 9. e5 Nfd7 10. f4 e6 11. Nf3 Qe7 12. 0-0 0-0 13. g4 f5 14. exf6 Nxf6 15. Ne5 Nbd7 16. g5 Nh5 17. Qg2 Nxe5 18. fxe5 Rxf1+ 19. Rxf1 Bd7 20. Rf6 Nxf6 21. gxf6 Qb4 22. Bxg6 hxg6 23. Qxg6 Qf8 24. Bh6 Qf7 25. Qg3 Kh7 26. Bxg7 Qg6 27. Ne2 Qxg3+ 28. hxg3 Be8 29. Nf4 Bf7 30. g4 Re8 31. g5 b6 32. Kf2 c5 33. c3 cxd4 34. cxd4 b5 35. Ke3 a5 36. Kd2 b4 37. Kc2 a4 38. Kb2 Rc8 39. Bh6 Bg6 40. Nxg6 Kxg6 41. Bg7 Kf7 42. Bh6 Rc3 43. Bg7 Rg3 44. Bh6 a3+ 45. Kc2 Rg2+ 46. Kb1 Rb2+ 47. Ka1 Kg6 48. Bf8 Rd2 49. Kb1 Rxd4 50. Kc2 Rf4 51. Kb3 Kxg5 52. Bxb4 Kg6 53. Bxa3 Rf3+ 54. Kb4 Re3 55. Bb2 Re2 56. Kb3 Kf7 57. a4 Re4 58. a5 Rc4 59. Ba3 Rc8 60. Bd6 d4 61. Bb4 d3 62. Ka4 Rd8 63. Bd2 Rc8 64. a6 Rc2 65. Bb4 d2 66. Bxd2 Rxd2 67. Kb5 Rd5+ 68. Kb6 Rd1 69. a7 Rb1+ 70. Kc7 Rc1+ 71. Kb7 Rb1+ 72. Kc6 Ra1 73. Kb6 Rb1+ 74. Kc5 Rc1+ 75. Kb6 Rb1+ 1/2-1/2

[Event "Titled Tuesday intern op 14th May Late"]
[Site "Chess.com INT"]
[Date "2024.05.14"]
[Round "5"]
[White "Ranaldi, Lucas"]
[Black "Urazayev, Arystanbek"]
[Result "1/2-1/2"]
[WhiteElo "2361"]
[BlackElo "2476"]
[PlyCount "205"]
[EventDate "2024.05.14"]
[EventType "swiss (blitz)"]
[EventRounds "11"]
[EventCountry "USA"]
[SourceTitle "CBM 220 Extra"]
[Source "ChessBase"]
[SourceDate "2024.07.31"]
[SourceVersion "1"]
[SourceVersionDate "2024.07.31"]
[SourceQuality "1"]

1. c4 c6 2. Nf3 d5 3. e3 Nf6 4. Nc3 a6 5. d4 e6 6. b3 Bb4 7. Bd2 0-0 8. Bd3 c5 9. cxd5 exd5 10. 0-0 Bg4 11. dxc5 Nbd7 12. Be2 Nxc5 13. a3 Bxc3 14. Bxc3 Nfe4 15. Bd4 Ne6 16. Rc1 Rc8 17. Bb2 Rxc1 18. Qxc1 Qb6 19. b4 h6 20. h3 Bh5 21. g4 Bg6 22. Ne5 Qd8 23. Kg2 Bh7 24. f3 Nf6 25. Qd2 d4 26. Bxd4 Nd5 27. Rd1 Bc2 28. Rc1 Ndf4+ 29. exf4 Qxd4 30. Qxd4 Nxd4 31. Kf2 b5 32. Nc6 Nxc6 33. Rxc2 Nd4 34. Rd2 Ne6 35. f5 Nf4 36. Bf1 g5 37. Rd6 Rc8 38. Rxh6 Rc2+ 39. Kg1 Rc3 40. Rxa6 Rxf3 41. Bxb5 Rxh3 42. Bf1 Rb3 43. b5 Nd5 44. a4 Ne3 45. Be2 Rb2 46. Ra8+ Kg7 47. Re8 Rxe2 48. b6 Re1+ 49. Kf2 Rf1+ 50. Ke2 Rb1 51. Rxe3 Rxb6 52. Ra3 Kf6 53. a5 Ra6 54. Ke3 Ke5 55. Ra4 f6 56. Kd3 Kd5 57. Ra1 Kc5 58. Ke4 Kc4 59. Rd1 Rxa5 60. Rd6 Kc3 61. Rxf6 Ra4+ 62. Ke5 Rxg4 63. Rd6 Rf4 64. f6 Rf3 65. Rd1 g4 66. Rg1 g3 67. Ke6 Kd3 68. f7 Ke2 69. Rxg3 Rxg3 70. f8Q Re3+ 71. Kd5 Rd3+ 72. Kc4 Re3 73. Qh6 Kf3 74. Qh3+ Kf4 75. Qh6+ Kf3 76. Kd4 Re4+ 77. Kd3 Rg4 78. Qh3+ Rg3 79. Qf5+ Kg2+ 80. Ke2 Kh2 81. Qh5+ Kg1 82. Qc5+ Kg2 83. Qf2+ Kh3 84. Kf1 Kg4 85. Ke2 Rh3 86. Qg2+ Rg3 87. Qe4+ Kh5 88. Kf2 Rg4 89. Qf5+ Rg5 90. Qh7+ Kg4 91. Ke3 Kg3 92. Qh1 Kg4 93. Ke4 Kg3 94. Qg1+ Kh4 95. Qh2+ Kg4 96. Qg2+ Kh5 97. Qh3+ Kg6 98. Qe6+ Kh7 99. Kf4 Rg6 100. Qf7+ Kh6 101. Kf5 Rg5+ 102. Kf6 Rf5+ 103. Kxf5 1/2-1/2

[Event "Titled Tuesday intern op 23rd Apr Early"]
[Site "Chess.com INT"]
[Date "2024.04.23"]
[Round "4"]
[White "Ranaldi, Lucas"]
[Black "Donchenko, Alexander"]
[Result "0-1"]
[WhiteElo "2361"]
[BlackElo "2633"]
[PlyCount "110"]
[EventDate "2024.04.23"]
[EventType "swiss (blitz)"]
[EventRounds "11"]
[EventCountry "USA"]
[SourceTitle "EXT 2025"]
[Source "ChessBase"]
[SourceDate "2024.10.14"]
[SourceVersion "1"]
[SourceVersionDate "2024.10.14"]
[SourceQuality "1"]

1. Nf3 g6 2. d4 Bg7 3. c4 d6 4. Nc3 Nf6 5. g3 Bf5 6. Bg2 Ne4 7. Nxe4 Bxe4 8. 0-0 0-0 9. Be3 Nc6 10. Qd2 e5 11. dxe5 dxe5 12. Rfd1 Qe7 13. Qd7 Rfe8 14. Qxe7 Rxe7 15. Rd2 h6 16. Rad1 Bf8 17. Bc5 Ree8 18. Bxf8 Kxf8 19. e3 a5 20. Rd7 Re7 21. Ne1 Bxg2 22. Kxg2 Ke8 23. Rxe7+ Kxe7 24. Nc2 Nb4 25. Rc1 Rd8 26. Nxb4 axb4 27. Rc2 Rd1 28. b3 e4 29. f3 exf3+ 30. Kxf3 Ke6 31. Ke4 f5+ 32. Kf3 Ke5 33. h3 c5 34. g4 fxg4+ 35. hxg4 Rf1+ 36. Kg2 Rf6 37. Kg3 Ke4 38. Rh2 g5 39. Re2 Kd3 40. Rf2 Re6 41. Rf5 Rxe3+ 42. Kf2 Re2+ 43. Kf3 Rxa2 44. Rxc5 Kc3 45. Rb5 Kxb3 46. c5 Kc4 47. Rxb7 Kxc5 48. Ke4 Rd2 49. Kf5 Rd6 50. Rc7+ Rc6 51. Rd7 b3 52. Rd1 b2 53. Rb1 Rb6 54. Rxb2 Rxb2 55. Kg6 Rh2 0-1

[Event "Titled Tuesday intern op 23rd Apr Early"]
[Site "Chess.com INT"]
[Date "2024.04.23"]
[Round "7"]
[White "Ranaldi, Lucas"]
[Black "Grave, Jacob Templen"]
[Result "0-1"]
[WhiteElo "2361"]
[BlackElo "2286"]
[PlyCount "82"]
[EventDate "2024.04.23"]
[EventType "swiss (blitz)"]
[EventRounds "11"]
[EventCountry "USA"]
[SourceTitle "EXT 2025"]
[Source "ChessBase"]
[SourceDate "2024.10.14"]
[SourceVersion "1"]
[SourceVersionDate "2024.10.14"]
[SourceQuality "1"]

1. Nf3 Nf6 2. c4 e6 3. g3 d5 4. Bg2 dxc4 5. Qa4+ c6 6. Qxc4 b5 7. Qb3 Bb7 8. 0-0 Nbd7 9. d4 a6 10. Ne5 Rc8 11. Nc3 Nxe5 12. dxe5 Nd5 13. Ne4 c5 14. Bg5 Qb6 15. Rad1 h6 16. Bh4 c4 17. Qc2 Bc5 18. Nxc5 Qxc5 19. e4 Nb4 20. Qd2 Nd3 21. g4 Qxe5 22. Bg3 Qxb2 23. Qa5 0-0 24. Qb6 Bc6 25. Qxa6 Qb4 26. a3 Qc5 27. Qa5 Ra8 28. Qc3 Rxa3 29. Qc2 Rfa8 30. h3 Ra2 31. Qb1 Rb2 32. Qa1 Rxa1 33. Rxa1 Kh7 34. Rad1 e5 35. Rde1 c3 36. Rc1 Nb4 37. Rcd1 c2 38. Rc1 Nd3 39. Kh2 Nxc1 40. Rxc1 Rb1 41. Rxc2 Qxc2 0-1

[Event "Titled Tuesday intern op 26th Mar Early"]
[Site "Chess.com INT"]
[Date "2024.03.26"]
[Round "8"]
[White "Parfenov, Viktor N"]
[Black "Ranaldi, Lucas"]
[Result "1-0"]
[WhiteElo "2193"]
[BlackElo "2361"]
[PlyCount "97"]
[EventDate "2024.03.26"]
[EventType "swiss (blitz)"]
[EventRounds "11"]
[EventCountry "USA"]
[SourceTitle "EXT 2025"]
[Source "ChessBase"]
[SourceDate "2024.10.14"]
[SourceVersion "1"]
[SourceVersionDate "2024.10.14"]
[SourceQuality "1"]

1. e4 e5 2. Nf3 Nc6 3. Bc4 Bc5 4. c3 Nf6 5. d3 h6 6. 0-0 d6 7. Re1 0-0 8. h3 Be6 9. Bxe6 fxe6 10. d4 Bb6 11. Na3 exd4 12. cxd4 e5 13. dxe5 Nxe5 14. Be3 Nxf3+ 15. Qxf3 Nd5 16. Qg4 Nxe3 17. fxe3 Qe7 18. Nc4 Bc5 19. a3 Rae8 20. e5 dxe5 21. Qe4 c6 22. Rad1 Qe6 23. b4 Bb6 24. Nxb6 axb6 25. Rd3 Rd8 26. Red1 Rxd3 27. Rxd3 Qe7 28. a4 Re8 29. b5 Rc8 30. Kh2 Kh8 31. Qf5 Rf8 32. Qe4 Re8 33. bxc6 bxc6 34. Qxc6 Rb8 35. Rd7 Qg5 36. Qe4 Rf8 37. Rd5 Re8 38. Rd6 Rb8 39. Re6 Rf8 40. Rxe5 Qf6 41. Re6 Qf7 42. Qe5 Kg8 43. Rxb6 Re8 44. Qf4 Qe7 45. Rb3 Qd7 46. Rc3 Qe6 47. a5 Qa6 48. Qc4+ Kh8 49. Qxa6 1-0